[Event "XXXII C.to Italiano a squadre A2"]
[Site "ITA"]
[Date "2000.02.27"]
[Round "1"]
[White "Bosio, Devis"]
[Black "Zoldan, Matteo"]
[Result "1/2-1/2"]
[WhiteElo "2131"]
[BlackElo "2087"]
[PlyCount "57"]
[EventDate "2000.02.20"]

1. e4 c5 2. c3 d6 3. d4 Nf6 4. Bd3 cxd4 5. cxd4 g6 6. Nc3 Bg7 7. Nge2 O-O 8.
O-O e5 9. dxe5 dxe5 10. Bc4 h6 11. Qxd8 Rxd8 12. Nd5 Nxd5 13. Bxd5 Nd7 14. Rd1
Re8 15. Be3 Nf6 16. Nc3 Be6 17. Bxe6 Rxe6 18. f3 a6 19. Rd2 Bf8 20. Rad1 Kg7
21. Nd5 Rc8 22. Nxf6 Kxf6 23. Kf1 Bc5 24. Bxc5 Rxc5 25. Ke2 Rec6 26. Rd6+ Rxd6
27. Rxd6+ Ke7 28. Rb6 Rc2+ 29. Kf1 1/2-1/2

[Event "XXXII C.to Italiano a squadre A2"]
[Site "ITA"]
[Date "2000.02.20"]
[Round "1"]
[White "Citti, Gianluca"]
[Black "Bettalli, Marco"]
[Result "1-0"]
[WhiteElo "2121"]
[BlackElo "2089"]
[PlyCount "123"]
[EventDate "2000.02.20"]

1. e4 e6 2. d3 d5 3. Nd2 c5 4. g3 Nc6 5. Bg2 b6 6. f4 Bb7 7. Ngf3 dxe4 8. Nxe4
Nf6 9. Nxf6+ gxf6 10. O-O Nd4 11. c3 Nxf3+ 12. Bxf3 Qc7 13. Qa4+ Kd8 14. d4
Bxf3 15. Rxf3 f5 16. d5 c4 17. dxe6 fxe6 18. Be3 Bc5 19. b4 cxb3 20. axb3 Ke7
21. b4 Bxe3+ 22. Rxe3 Rhd8 23. Rae1 Rd6 24. Qa2 Qd7 25. Qe2 Re8 26. Qh5 Kd8 27.
Qg5+ Kc7 28. Qf6 Qc6 29. c4 Rd2 30. Qe5+ Kc8 31. R3e2 Rxe2 32. Qxe2 Qd6 33. Qe3
Qxb4 34. c5 Qe4 35. Qc3 Qc6 36. Rc1 Qxc5+ 37. Qe3 Qxc1+ 38. Qxc1+ Kd7 39. Qd1+
Kc7 40. Qh5 Re7 41. Qg5 Kd6 42. Qg8 Kc7 43. Qa8 Kd6 44. h4 Rc7 45. Qd8+ Rd7 46.
Qb8+ Kc6 47. Qc8+ Kd6 48. h5 Rc7 49. Qd8+ Rd7 50. Qb8+ Kc6 51. Qc8+ Kd6 52. h6
Rc7 53. Qf8+ Kc6 54. Qf6 Kd7 55. Qg7+ Kd6 56. Kf2 Re7 57. Ke3 Kd7 58. Kd4 Ke8
59. Qg8+ Kd7 60. Ke5 Re8 61. Qxh7+ Re7 62. Qxe7+ 1-0

[Event "XXXII C.to Italiano a squadre A2"]
[Site "ITA"]
[Date "2000.02.20"]
[Round "1"]
[White "Evangelisti, Claudio R."]
[Black "Gorelli Fagiolini, Marco"]
[Result "1/2-1/2"]
[WhiteElo "2240"]
[BlackElo "2189"]
[PlyCount "119"]
[EventDate "2000.02.20"]

1. d4 Nf6 2. Nf3 g6 3. g3 Bg7 4. Bg2 O-O 5. O-O d5 6. c4 c6 7. b3 c5 8. e3 cxd4
9. exd4 Nc6 10. h3 Ne4 11. Bb2 Be6 12. Ne5 f5 13. cxd5 Bxd5 14. Nf3 Qb6 15.
Nbd2 Rad8 16. Rc1 Nxd2 17. Qxd2 e5 18. Qg5 e4 19. Ne5 Nxd4 20. Bxd4 Qxd4 21.
Nc4 Qf6 22. Qe3 b6 23. h4 Rd7 24. Rfd1 Rfd8 25. Bf1 Bf7 26. Rxd7 Rxd7 27. Qf4
h6 28. Ne3 Qe5 29. Rc8+ Kh7 30. h5 Qxf4 31. gxf4 Bd4 32. Bb5 Re7 33. hxg6+ Kxg6
34. Kf1 Bxe3 35. fxe3 Be6 36. Rc2 Kf6 37. Rh2 Rh7 38. Ke2 h5 39. Kd2 Bf7 40.
Kc3 Rh8 41. Bc4 Bxc4 42. Kxc4 h4 43. b4 h3 44. Kd5 Rh5 45. Kd6 Kg6 46. Ke6 Rh7
47. b5 Rh4 48. Ke5 Rh6 49. Kd5 Kf6 50. Kd6 Rh7 51. Kd5 Rc7 52. a4 Rh7 53. Kd6
Kg6 54. Ke5 Rh6 55. Ke6 Rh5 56. Ke7 Rh8 57. Ke6 Rh5 58. Ke7 Kg7 59. Ke6 Kg6 60.
Ke7 1/2-1/2

[Event "XXXII C.to Italiano a squadre A2"]
[Site "ITA"]
[Date "2000.02.20"]
[Round "1"]
[White "Laco, Giuseppe"]
[Black "Tratar, Marko"]
[Result "0-1"]
[WhiteElo "2209"]
[BlackElo "2439"]
[PlyCount "50"]
[EventDate "2000.02.20"]

1. c4 g6 2. Nc3 Bg7 3. d4 Nf6 4. e4 d6 5. f3 O-O 6. Be3 Nbd7 7. Qd2 c5 8. d5
Ne5 9. Bh6 Bxh6 10. Qxh6 e6 11. Nh3 exd5 12. Ng5 d4 13. Nd5 Re8 14. h4 Be6 15.
h5 Bxd5 16. cxd5 Qa5+ 17. Kd1 Re7 18. Rh4 Qb4 19. Rf4 Ned7 20. Kc2 c4 21. Rc1
d3+ 22. Bxd3 cxd3+ 23. Kb1 d2 24. Rd1 Qc4 25. Rh4 Rc8 0-1

[Event "XXXII C.to Italiano a squadre A2"]
[Site "ITA"]
[Date "2000.02.20"]
[Round "1"]
[White "Leoncini, Mario"]
[Black "Bartolini, Tommaso"]
[Result "1-0"]
[WhiteElo "2154"]
[BlackElo "2165"]
[PlyCount "81"]
[EventDate "2000.02.20"]

1. e4 c5 2. c3 d5 3. exd5 Qxd5 4. d4 cxd4 5. cxd4 Nc6 6. Nf3 e5 7. Nc3 Bb4 8.
Bd2 Bxc3 9. Bxc3 e4 10. Ne5 Nxe5 11. dxe5 Ne7 12. Qa4+ Bd7 13. Qa3 Qe6 14. Qb4
Bc6 15. Bb5 Ng6 16. Bxc6+ Qxc6 17. g3 a5 18. Qd6 Ra6 19. O-O-O Qc8 20. Qd5 O-O
21. Qxe4 b5 22. Kb1 Re8 23. f4 b4 24. Bd4 Ne7 25. Rc1 Qe6 26. Rc5 Rd8 27. Rhc1
g6 28. Ka1 a4 29. R5c4 a3 30. b3 Nd5 31. Qc2 Ne7 32. Bc5 h5 33. Rxb4 Nf5 34.
Rc4 Qd5 35. Rc3 Rc6 36. b4 Rdc8 37. Rxa3 Nd4 38. Qc4 Qe4 39. Rac3 Qe2 40. Qxd4
Ra8 41. R3c2 1-0

[Event "XXXII C.to Italiano a squadre A2"]
[Site "ITA"]
[Date "2000.02.20"]
[Round "1"]
[White "Mione, Dario"]
[Black "Contini, Luca"]
[Result "1-0"]
[WhiteElo "2290"]
[BlackElo "2330"]
[PlyCount "77"]
[EventDate "2000.02.20"]

1. e4 c5 2. Nf3 d6 3. d4 cxd4 4. Nxd4 Nf6 5. Nc3 e6 6. Be3 a6 7. f3 b5 8. g4
Bb7 9. Qd2 b4 10. Nd1 d5 11. e5 Nfd7 12. f4 Nc6 13. Bg2 h5 14. Nf2 hxg4 15.
O-O-O Rc8 16. Nxg4 Qa5 17. Kb1 Nxd4 18. Bxd4 Bc5 19. Ne3 Bxd4 20. Qxd4 Rh4 21.
Qd2 Qc5 22. Qf2 Qe7 23. Bxd5 Bxd5 24. Rxd5 Nc5 25. Rd4 a5 26. Nc4 Kf8 27. Nd6
Rd8 28. Rc4 Nb7 29. Nxb7 Qxb7 30. Rc1 Qe7 31. c3 Rh3 32. cxb4 axb4 33. Qb6 b3
34. axb3 Kg8 35. Qxd8+ Qxd8 36. Rc8 Qxc8 37. Rxc8+ Kh7 38. b4 Rxh2 39. b5 1-0

[Event "XXXII C.to Italiano a squadre A2"]
[Site "ITA"]
[Date "2000.02.20"]
[Round "1"]
[White "Mohr, Georg"]
[Black "Bednarich, Jan"]
[Result "1-0"]
[WhiteElo "2488"]
[BlackElo "2246"]
[PlyCount "67"]
[EventDate "2000.02.20"]

1. e4 c5 2. Nf3 e6 3. c4 a6 4. Nc3 Qc7 5. Be2 Ne7 6. d4 cxd4 7. Nxd4 Ng6 8. O-O
Nc6 9. Be3 Be7 10. Rc1 O-O 11. Kh1 Qb8 12. Nb3 Bd6 13. g3 b6 14. f4 f6 15. Qd2
Bc7 16. Rfd1 Rf7 17. Qe1 Bb7 18. Qf2 Na5 19. Nd2 f5 20. b4 Nc6 21. a3 fxe4 22.
Ndxe4 Nce7 23. Rxd7 Nd5 24. cxd5 Rxd7 25. dxe6 Re7 26. Bc4 Kh8 27. Kg1 b5 28.
Bb3 a5 29. Bc5 axb4 30. axb4 Bxf4 31. gxf4 Nxf4 32. Qe3 Rxe6 33. Bxe6 Nxe6 34.
Nd6 1-0

[Event "XXXII C.to Italiano a squadre A2"]
[Site "ITA"]
[Date "2000.02.20"]
[Round "1"]
[White "Pace, Pietro Dario"]
[Black "Pirola, Andrea"]
[Result "0-1"]
[WhiteElo "1942"]
[BlackElo "1783"]
[PlyCount "102"]
[EventDate "2000.02.20"]

1. e4 e6 2. d4 d5 3. Nc3 dxe4 4. Nxe4 Nf6 5. Bg5 Be7 6. Bxf6 gxf6 7. Nf3 a6 8.
Qd2 b5 9. O-O-O Bb7 10. Bd3 Nd7 11. Qe3 Nb6 12. Kb1 Bd5 13. Nc3 c6 14. Qh6 b4
15. Nxd5 Nxd5 16. Qg7 Rf8 17. Qxh7 a5 18. Bc4 a4 19. Qd3 Qb6 20. Qe2 Nc3+ 21.
bxc3 bxc3+ 22. Bb3 Kd7 23. Rd3 axb3 24. cxb3 Qa5 25. Rc1 Bb4 26. Rc2 Qd5 27.
Rdxc3 Bxc3 28. Rxc3 Ra5 29. Qc4 Qe4+ 30. Qd3 Qg4 31. Ne1 Rfa8 32. a4 Rb8 33.
Ka2 Qf4 34. Qf3 Qxf3 35. Nxf3 Rg8 36. g3 Rg4 37. Re3 c5 38. dxc5 Rxc5 39. Rd3+
Kc7 40. Kb2 Re4 41. Nd4 Re1 42. b4 Rcc1 43. Rc3+ Rxc3 44. Kxc3 e5 45. Nf5 Rf1
46. h4 Rxf2 47. g4 Rf3+ 48. Kc4 Rf4+ 49. Kc5 e4 50. a5 Rxf5+ 51. gxf5 e3 0-1

[Event "XXXII C.to Italiano a squadre A2"]
[Site "ITA"]
[Date "2000.02.20"]
[Round "1"]
[White "Patelli, Alessandro"]
[Black "Mola, Pietro"]
[Result "0-1"]
[WhiteElo "2233"]
[BlackElo "2234"]
[PlyCount "90"]
[EventDate "2000.02.20"]

1. Nf3 Nf6 2. c4 e6 3. d4 b6 4. g3 Bb7 5. Bg2 c5 6. d5 exd5 7. Nh4 g6 8. Nc3
Bg7 9. Nxd5 Nxd5 10. Bxd5 Nc6 11. O-O O-O 12. Ng2 Qe7 13. Rb1 Rae8 14. Re1 Ba6
15. Bf4 Nd4 16. Qa4 Bc8 17. Qxa7 Qf6 18. e3 Nc2 19. Red1 Re6 20. Bxe6 fxe6 21.
Rd2 Nb4 22. Bd6 Qf3 23. Bxf8 Bb7 24. Qxb7 Qxb7 25. Bxg7 Kxg7 26. Rbd1 Kh6 27.
a3 Nc6 28. Rxd7 Qa6 29. Rc7 Ne5 30. f4 Qa4 31. Rd6 Nf3+ 32. Kf2 Nxh2 33. g4
Nxg4+ 34. Kg3 Nf6 35. Rxe6 Nh5+ 36. Kh2 Qxc4 37. Ree7 Nf6 38. Rf7 Qe6 39. Rce7
Qc6 40. e4 Kh5 41. Kg3 h6 42. Re5+ g5 43. fxg5 Nxe4+ 44. Rxe4 Qxe4 45. gxh6
Qg6+ 0-1

[Event "XXXII C.to Italiano a squadre A2"]
[Site "ITA"]
[Date "2000.02.20"]
[Round "1"]
[White "Sbarra, Marco"]
[Black "Del Monte, Jorge Luis"]
[Result "0-1"]
[WhiteElo "2296"]
[BlackElo "1827"]
[PlyCount "90"]
[EventDate "2000.02.20"]

1. d4 Nf6 2. c4 c5 3. d5 b5 4. cxb5 a6 5. b6 g6 6. Nc3 Bg7 7. e4 O-O 8. e5 Ne8
9. Nf3 d6 10. e6 Qxb6 11. exf7+ Rxf7 12. Ng5 Rf5 13. Bd3 Rxg5 14. Bxg5 Qxb2 15.
O-O Qxc3 16. Rc1 Qe5 17. Qd2 Bf6 18. Bxf6 Qxf6 19. Qa5 Nd7 20. Qd8 Qf8 21. f4
Ng7 22. Qc7 Nf6 23. Rfe1 Bf5 24. Bc4 Be4 25. Rcd1 Nf5 26. Qb7 Nd4 27. Rd2 Rb8
28. Qxa6 Qc8 29. Qxc8+ Rxc8 30. Kf2 Bxd5 31. Bxd5+ Nxd5 32. g3 Kf7 33. Rb2 Kf6
34. Rd1 Kf5 35. a4 Nc3 36. Ra1 Ra8 37. a5 Rxa5 38. Rxa5 Nd1+ 39. Ke1 Nxb2 40.
Ra7 Kf6 41. Kd2 Nc4+ 42. Kd3 Nb6 43. Rb7 Nd5 44. Ke4 Ke6 45. g4 Nf6+ 0-1

[Event "XXXII C.to Italiano a squadre A2"]
[Site "ITA"]
[Date "2000.03.19"]
[Round "3"]
[White "Caselli, Luigi"]
[Black "Mione, Dario"]
[Result "1/2-1/2"]
[WhiteElo "2321"]
[BlackElo "2290"]
[PlyCount "38"]
[EventDate "2000.02.20"]

1. e4 e6 2. d4 d5 3. exd5 exd5 4. c4 Nf6 5. Nc3 Be7 6. cxd5 O-O 7. Bc4 Nbd7 8.
Nf3 Nb6 9. Bb3 Bf5 10. O-O Nbxd5 11. Re1 c6 12. Bg5 h6 13. Nxd5 cxd5 14. Bh4 g5
15. Bg3 Ne4 16. Ne5 Nxg3 17. hxg3 Bf6 18. Ng4 Bxg4 19. Qxg4 Kg7 1/2-1/2

[Event "XXXII C.to Italiano a squadre A2"]
[Site "ITA"]
[Date "2000.03.19"]
[Round "3"]
[White "Del Monte, Jorge Luis"]
[Black "Marcoli, Paolo"]
[Result "1-0"]
[WhiteElo "1827"]
[BlackElo "2181"]
[PlyCount "83"]
[EventDate "2000.02.20"]

1. e4 c5 2. Nc3 d6 3. g3 g6 4. f4 Bg7 5. Bg2 Nc6 6. Nge2 Rb8 7. O-O Bd7 8. h3
b5 9. Kh2 b4 10. Nd5 e6 11. Ne3 Nge7 12. d3 Qc7 13. f5 gxf5 14. exf5 exf5 15.
Nf4 Nd4 16. Qh5 Be5 17. c3 bxc3 18. bxc3 Nb5 19. Bd2 Nxc3 20. Bxc3 Bxc3 21.
Nfd5 Nxd5 22. Nxd5 Qa5 23. Qg5 Qd8 24. Qxd8+ Kxd8 25. Nxc3 Rb2 26. Rab1 Rc2 27.
Rb8+ Bc8 28. Nd5 Re8 29. Kg1 Re5 30. Rf2 Rc1+ 31. Kh2 c4 32. d4 Ree1 33. Rxf5
Rb1 34. Ra8 Rb7 35. Rg5 Re8 36. Nf6 Rc7 37. Nxe8 c3 38. Nxc7 c2 39. Nd5 c1=Q
40. Rg8+ Kd7 41. Raxc8 Ke6 42. Rxc1 1-0

[Event "XXXII C.to Italiano a squadre A2"]
[Site "ITA"]
[Date "2000.03.19"]
[Round "3"]
[White "Lantini, Marco"]
[Black "Mola, Pietro"]
[Result "0-1"]
[WhiteElo "2226"]
[BlackElo "2234"]
[PlyCount "48"]
[EventDate "2000.02.20"]

1. e4 c5 2. Nf3 d6 3. d4 cxd4 4. Nxd4 Nf6 5. Nc3 a6 6. Be3 Ng4 7. Bg5 h6 8. Bh4
g5 9. Bg3 Bg7 10. Qd2 Nc6 11. Nb3 f5 12. exf5 Bxf5 13. h4 Nb4 14. O-O-O Rc8 15.
Nd4 O-O 16. a3 Qa5 17. Kb1 Nxc2 18. Nxc2 Bxc3 19. bxc3 Rxc3 20. Bc4+ Kh7 21.
Rc1 Rb3+ 22. Bxb3 Qxd2 23. hxg5 Rc8 24. f3 Ne3 0-1

[Event "XXXII C.to Italiano a squadre A2"]
[Site "ITA"]
[Date "2000.03.19"]
[Round "3"]
[White "Leoncini, Mario"]
[Black "Bocchicchio, Gaetano"]
[Result "1-0"]
[WhiteElo "2154"]
[BlackElo "2214"]
[PlyCount "135"]
[EventDate "2000.02.20"]

1. e4 g6 2. d4 Bg7 3. Nf3 d6 4. h3 Nf6 5. Nc3 O-O 6. Be2 c6 7. a4 Nbd7 8. O-O
e5 9. dxe5 dxe5 10. Be3 Qe7 11. Qd2 Nc5 12. Bg5 Ne6 13. Rfd1 Nxg5 14. Qxg5 Re8
15. Bc4 Kf8 16. Rd3 h6 17. Qd2 Qb4 18. b3 Nd7 19. Rxd7 Bxd7 20. Qxd7 Re7 21.
Qd3 Ree8 22. Rd1 Rad8 23. Qxd8 Rxd8 24. Rxd8+ Ke7 25. Rd3 a6 26. g3 Qc5 27. Re3
Bf6 28. Be2 Ke8 29. Kg2 Bd8 30. Bd1 Ba5 31. Nb1 b5 32. axb5 axb5 33. c3 Bc7 34.
Bc2 Qa7 35. Re2 Qa1 36. h4 f6 37. b4 g5 38. hxg5 hxg5 39. Nh2 Bb6 40. Ng4 Kf7
41. Ne3 Bxe3 42. Rxe3 g4 43. Bb3+ Ke7 44. Bc2 Qa8 45. Bd3 Qa2 46. Re1 Kf7 47.
Be2 Qe6 48. Bd3 Kg6 49. Nd2 Kg5 50. Re3 Qa2 51. Nf1 Qa8 52. Nh2 c5 53. bxc5 f5
54. Bxb5 f4 55. Re1 f3+ 56. Kg1 Qb7 57. c4 Qh7 58. Nf1 Qh3 59. Ne3 Qh7 60. Bc6
Qc7 61. Bd5 Qa5 62. Rb1 Qxc5 63. Rb8 Qa5 64. Rg8+ Kh5 65. Bf7+ Kh6 66. Nxg4+
Kh7 67. Nf6+ Kh6 68. Rg6# 1-0

[Event "XXXII C.to Italiano a squadre A2"]
[Site "ITA"]
[Date "2000.03.19"]
[Round "3"]
[White "Patelli, Alessandro"]
[Black "Mauro, Alan"]
[Result "1-0"]
[WhiteElo "2233"]
[BlackElo "2231"]
[PlyCount "139"]
[EventDate "2000.02.20"]

1. d4 Nf6 2. c4 g6 3. Nc3 Bg7 4. e4 d6 5. Nf3 O-O 6. Be2 Bg4 7. Be3 Nc6 8. d5
Bxf3 9. gxf3 Ne5 10. f4 Ned7 11. Qd2 c6 12. O-O-O cxd5 13. cxd5 Rc8 14. f3 Nh5
15. Kb1 a6 16. f5 Qa5 17. Rc1 Ne5 18. Bd4 Qb4 19. Rhd1 Nc4 20. Bxc4 Bxd4 21.
Qxd4 Rxc4 22. Qe3 Rfc8 23. fxg6 hxg6 24. Ne2 Nf6 25. Rxc4 Rxc4 26. Rg1 Qc5 27.
Qxc5 Rxc5 28. Nf4 Kg7 29. Ne2 Nd7 30. Rc1 Rxc1+ 31. Kxc1 Ne5 32. Nd4 Kh6 33.
Kd2 Kg5 34. Ke2 Kf4 35. b3 Nd7 36. Kf2 Nc5 37. Ne2+ Kg5 38. Kg3 Nd3 39. a3 e5
40. dxe6 fxe6 41. f4+ Kf6 42. Nc3 b5 43. Kg4 Ne1 44. h4 Nc2 45. e5+ dxe5 46.
Ne4+ Kg7 47. fxe5 Nd4 48. b4 Nc6 49. Kf4 a5 50. bxa5 Nxa5 51. Nd6 Kh6 52. Nxb5
Kh5 53. Nc7 Kxh4 54. Nxe6 Kh5 55. a4 Nc6 56. Ng5 Kh6 57. Nf3 Kg7 58. Ke4 Kf7
59. Kd5 Na5 60. Kd6 Nc4+ 61. Kc5 Na5 62. Ng5+ Ke7 63. e6 Kd8 64. Kb5 Nb7 65. a5
Kc7 66. Nf7 g5 67. a6 g4 68. a7 g3 69. a8=Q g2 70. Qa1 1-0

[Event "XXXII C.to Italiano a squadre A2"]
[Site "ITA"]
[Date "2000.03.19"]
[Round "3"]
[White "Ricci, Marco"]
[Black "Bosio, Devis"]
[Result "0-1"]
[WhiteElo "2162"]
[BlackElo "2131"]
[PlyCount "75"]
[EventDate "2000.02.20"]

1. e4 c6 2. d4 d5 3. Nd2 dxe4 4. Nxe4 Bf5 5. Ng3 Bg6 6. h4 h6 7. Nf3 Nd7 8. h5
Bh7 9. Bd3 Bxd3 10. Qxd3 Qc7 11. Bd2 e6 12. O-O-O Ngf6 13. Ne4 O-O-O 14. g3 Nc5
15. Nxc5 Bxc5 16. Bf4 Bd6 17. Bxd6 Rxd6 18. Qe2 Rhd8 19. c3 c5 20. Rh4 Kb8 21.
Qe5 Rd5 22. Qxc7+ Kxc7 23. Ne5 cxd4 24. Rhxd4 Rxd4 25. Rxd4 Rxd4 26. cxd4 Ne4
27. Nxf7 Nxf2 28. Kc2 Ng4 29. Kd3 Nf6 30. Ne5 Nxh5 31. g4 Nf6 32. Ke3 Nd7 33.
Nf7 b6 34. Ke4 Nf6+ 35. Kf4 Kc6 36. Ke5 Kd7 37. g5 Ke7 38. g6 0-1

[Event "XXXII C.to Italiano a squadre A2"]
[Site "ITA"]
[Date "2000.03.19"]
[Round "3"]
[White "Tamai, Roberto"]
[Black "Pavasovic, Dusko"]
[Result "1/2-1/2"]
[WhiteElo "2305"]
[BlackElo "2544"]
[PlyCount "141"]
[EventDate "2000.02.20"]

1. e4 c5 2. Nf3 d6 3. d4 Nf6 4. Nc3 cxd4 5. Nxd4 a6 6. Bg5 e6 7. f4 Be7 8. Qf3
Nbd7 9. O-O-O h6 10. Bxf6 Bxf6 11. Bc4 Qa5 12. Bb3 Nc5 13. g4 g5 14. f5 Be5 15.
h4 Bd7 16. Kb1 O-O-O 17. Rh3 Kb8 18. Qe3 Qb6 19. Nf3 Bxc3 20. bxc3 a5 21. hxg5
a4 22. gxh6 axb3 23. cxb3 Bc6 24. Nd2 Qc7 25. g5 exf5 26. exf5 Rde8 27. Qd4 Ne4
28. g6 fxg6 29. fxg6 Nxd2+ 30. Rxd2 Be4+ 31. Kb2 Bxg6 32. Qf6 Bh7 33. Rg3 Rhg8
34. Rg7 Rxg7 35. hxg7 Rg8 36. Rxd6 Qxg7 37. Rd8+ Ka7 38. Qf2+ b6 39. Rd2 Rc8
40. Qe3 Rc7 41. Rd4 Qg2+ 42. Rd2 Qe4 43. Qxe4 Bxe4 44. c4 Kb7 45. Kc3 Rg7 46.
Kb4 Kc6 47. Re2 Rg4 48. Rf2 Bg2 49. Re2 Bf3 50. Rf2 Rg3 51. Rd2 Bg4 52. Rf2 Be6
53. Re2 Bd7 54. Rd2 Rg5 55. Rf2 Rg4 56. Rf6+ Kc7 57. Rf2 b5 58. Re2 Kb6 59. Rd2
Bc6 60. Rc2 Bd5 61. a4 bxc4 62. bxc4 Be6 63. Rc1 Rg2 64. Re1 Bd7 65. Re7 Kc7
66. Rh7 Ra2 67. Kb3 Ra1 68. Rg7 Kd6 69. Rg6+ Be6 70. Rh6 Kd7 71. Rh4 1/2-1/2

[Event "XXXII C.to Italiano a squadre A2"]
[Site "ITA"]
[Date "2000.03.19"]
[Round "3"]
[White "Tonon, Alessandro"]
[Black "Ceschia, Ivano"]
[Result "0-1"]
[WhiteElo "2175"]
[BlackElo "2363"]
[PlyCount "68"]
[EventDate "2000.02.20"]

1. e4 c5 2. c3 Nf6 3. e5 Nd5 4. d4 cxd4 5. Nf3 Nc6 6. cxd4 d6 7. Bc4 Nb6 8. Bb5
dxe5 9. Nxe5 Bd7 10. Nxd7 Qxd7 11. Nc3 Rd8 12. O-O a6 13. Bxc6 Qxc6 14. Re1 Nd5
15. Qb3 e6 16. Bg5 Be7 17. Bxe7 Nxe7 18. Qb4 Qd7 19. Rad1 O-O 20. Qb3 Qc6 21.
Re5 Rd7 22. d5 Qc5 23. Ne4 Qa5 24. Rg5 f6 25. d6 Nd5 26. Rg3 f5 27. Nc3 Rxd6
28. Qxb7 Rf7 29. Qb8+ Rd8 30. Qb3 Nf4 31. Rxd8+ Qxd8 32. Re3 Qa8 33. f3 Qa7 34.
Kf2 Nd3+ 0-1

[Event "XXXII C.to Italiano a squadre A2"]
[Site "ITA"]
[Date "2000.04.02"]
[Round "4"]
[White "Livecchi, Dario"]
[Black "Alaimo, Riccardo"]
[Result "0-1"]
[WhiteElo "1974"]
[BlackElo "2115"]
[PlyCount "72"]
[EventDate "2000.02.20"]

1. d4 d5 2. c4 c6 3. Nc3 Nf6 4. e3 e6 5. Nf3 Nbd7 6. Bd3 dxc4 7. Bxc4 b5 8. Bd3
Bb7 9. e4 b4 10. e5 bxc3 11. exf6 cxb2 12. fxg7 bxa1=Q 13. gxh8=Q Qa5+ 14. Bd2
Qxd1+ 15. Kxd1 Qxa2 16. Re1 Ba6 17. Bxa6 Qa1+ 18. Kc2 Qa4+ 19. Kc1 Qxa6 20.
Qxh7 Nf6 21. Rxe6+ fxe6 22. Qg6+ Kd7 23. Qf7+ Be7 24. Ne5+ Kd6 25. Bb4+ Kd5 26.
Qxe7 Qf1+ 27. Kc2 Qxf2+ 28. Kb3 Qxd4 29. Nf3 Qd3+ 30. Ka4 Qb5+ 31. Ka3 c5 32.
Bc3 Qa6+ 33. Kb2 Rb8+ 34. Kc1 Qa3+ 35. Kc2 Qb3+ 36. Kd3 c4+ 0-1

[Event "XXXII C.to Italiano a squadre A2"]
[Site "ITA"]
[Date "2000.04.16"]
[Round "5"]
[White "Mussoni, Marcello"]
[Black "Gasser, Giorgio"]
[Result "1-0"]
[WhiteElo "2245"]
[BlackElo "2160"]
[PlyCount "61"]
[EventDate "2000.02.20"]

1. d4 Nf6 2. Nf3 d5 3. c4 e6 4. Nc3 Be7 5. Bf4 O-O 6. e3 b6 7. cxd5 Nxd5 8. Bg3
c5 9. Bd3 Ba6 10. Bxa6 Nxa6 11. Qa4 Nab4 12. O-O a6 13. dxc5 b5 14. Qb3 Bxc5
15. a3 Nc6 16. Nxd5 exd5 17. Qc3 Na5 18. b4 Bb6 19. bxa5 Bxa5 20. Qb3 Rc8 21.
Rfd1 Rc4 22. Ne5 Rc3 23. Qxd5 Qc8 24. h3 Rc5 25. Qd7 Bc3 26. Qxc8 Rfxc8 27. Nd7
R5c6 28. Nb8 Rc4 29. Rab1 Ra4 30. Rb3 a5 31. Rxc3 1-0

[Event "XXXII C.to Italiano a squadre A2"]
[Site "ITA"]
[Date "2000.04.16"]
[Round "5"]
[White "Sturma, Mauro"]
[Black "Gregoratti, Ivaldi"]
[Result "1/2-1/2"]
[WhiteElo "2104"]
[BlackElo "1945"]
[PlyCount "140"]
[EventDate "2000.02.20"]

1. e4 c5 2. Nf3 Nc6 3. d4 cxd4 4. Nxd4 e6 5. Be3 Qc7 6. Bd3 a6 7. O-O Nf6 8.
Nc3 b5 9. a3 Bb7 10. Kh1 h5 11. f3 Bd6 12. Nxc6 Bxc6 13. Bg1 h4 14. Ne2 Nh5 15.
h3 Ng3+ 16. Nxg3 hxg3 17. Qd2 Bf4 18. Be3 g5 19. Bxf4 gxf4 20. Qc3 e5 21. a4
Qd6 22. axb5 Qe6 23. Kg1 Bxb5 24. Bxb5 Qb6+ 25. Kh1 Qxb5 26. Rfd1 f6 27. Rd5
Qe2 28. Rd2 Qb5 29. Rd3 Kf7 30. Ra5 Qb7 31. Rad5 Rhd8 32. b4 Rac8 33. Qb3 Ke7
34. c4 Rc6 35. Rd1 Rb6 36. Qa3 Rxb4 37. Rb5 axb5 38. Qxb4+ d6 39. cxb5 Qb6 40.
Rb1 Rb8 41. Qc4 Qc5 42. Qa4 Rc8 43. Qa1 Rh8 44. Qa2 Rc8 45. Qa1 Qb6 46. Qb2 Rc5
47. Qb3 Qc7 48. Qd1 Qb6 49. Qb3 Rc8 50. Qb2 Rc4 51. Qd2 Qe3 52. Qb2 Qd3 53. Qa1
Ra4 54. Qb2 Rd4 55. Qa1 Ra4 56. Qb2 Rc4 57. Qa1 Qd4 58. Qxd4 exd4 59. Kg1 d3
60. Kf1 d2 61. Rd1 Rb4 62. Rxd2 Rxb5 63. Ke2 Ke6 64. Ra2 f5 65. exf5+ Kxf5 66.
Kd3 Ke5 67. Re2+ Kf5 68. Kd4 Ra5 69. Rb2 Re5 70. Kd3 Re1 1/2-1/2

[Event "XXXII C.to Italiano a squadre A2"]
[Site "ITA"]
[Date "2000.05.15"]
[Round "7"]
[White "Coratella, Giuseppe"]
[Black "Kalezic, Blazo"]
[Result "1/2-1/2"]
[WhiteElo "2080"]
[BlackElo "2403"]
[PlyCount "133"]
[EventDate "2000.02.20"]

1. e4 e6 2. d4 d5 3. Nd2 Nf6 4. e5 Nfd7 5. Bd3 c5 6. c3 Nc6 7. Ne2 cxd4 8. cxd4
f6 9. exf6 Nxf6 10. O-O Bd6 11. Nf3 O-O 12. Bg5 Qc7 13. Nc3 a6 14. Re1 Bd7 15.
Rc1 Rae8 16. Bb1 Re7 17. Ne5 Be8 18. a3 Qb8 19. Bf4 Kh8 20. Nxc6 Bxc6 21. Bxd6
Qxd6 22. Re5 g6 23. Rc2 Nd7 24. Re3 Nf6 25. Re5 Ref7 26. f3 Nd7 27. Re1 Nb8 28.
Rce2 Bd7 29. Re3 b5 30. Ne2 Qb6 31. Nc1 Nc6 32. Nb3 Bc8 33. Kh1 a5 34. a4 bxa4
35. Nc5 e5 36. Nxa4 Qxd4 37. Qxd4 exd4 38. Rb3 Nb4 39. Nc5 Bf5 40. Bxf5 Rxf5
41. Nd3 Nc2 42. Re7 R5f7 43. Re2 Rc7 44. Kg1 Ra8 45. Rb5 Ne3 46. Nf4 Rc1+ 47.
Kf2 Rf1+ 48. Kg3 Rd1 49. Nxd5 Nf5+ 50. Kh3 d3 51. Re5 d2 52. Nc3 Rc1 53. Rbd5
Rc2 54. Nd1 a4 55. g4 Nh6 56. Re7 Ng8 57. Rf7 Nh6 58. Rfd7 a3 59. Rd8+ Rxd8 60.
Rxd8+ Kg7 61. bxa3 Nf7 62. Rd5 Kf6 63. f4 Ke6 64. Rd3 g5 65. Kg3 gxf4+ 66. Kxf4
Ne5 67. Re3 1/2-1/2

[Event "XXXII C.to Italiano a squadre A2"]
[Site "ITA"]
[Date "2000.05.14"]
[Round "7"]
[White "Mussoni, Marcello"]
[Black "Quinn, Mark Peter"]
[Result "0-1"]
[WhiteElo "2245"]
[BlackElo "2388"]
[PlyCount "102"]
[EventDate "2000.02.20"]

1. d4 Nf6 2. Nf3 e6 3. Bg5 c5 4. e3 cxd4 5. exd4 b6 6. Bd3 Bb7 7. Nbd2 Be7 8.
c3 d6 9. Qe2 Nbd7 10. h3 Qc7 11. Ne4 h6 12. Nxf6+ Nxf6 13. Bb5+ Kf8 14. Bf4 g6
15. O-O a6 16. Bd3 Qc6 17. Bh2 Kg7 18. Ne1 b5 19. Rd1 Rhe8 20. f3 Qb6 21. Kh1
Nd5 22. Nc2 Bf6 23. Be4 Re7 24. Qf2 Rd7 25. Rde1 Rc8 26. a3 a5 27. Bg3 Qd8 28.
Ra1 Bc6 29. Rfe1 Qb6 30. Qe2 Qb7 31. Rad1 Ne7 32. Bd3 Nf5 33. Bf2 Bg5 34. Kg1
Bf4 35. Be4 Ng3 36. Qd3 Bd5 37. Bxd5 Qxd5 38. Ne3 Bxe3 39. Qxe3 Nf5 40. Qd2 Rb7
41. Re2 b4 42. axb4 axb4 43. Qd3 bxc3 44. bxc3 Rb3 45. Be1 Rc4 46. Qe4 Qb5 47.
Ra1 e5 48. Ra7 Rcxc3 49. Bf2 Rc4 50. Rd2 Rc1+ 51. Kh2 Rbb1 0-1

[Event "XXXII C.to Italiano a squadre A2"]
[Site "ITA"]
[Date "2000.05.14"]
[Round "7"]
[White "Rossi, Carlo"]
[Black "Ceschia, Ivano"]
[Result "0-1"]
[WhiteElo "2386"]
[BlackElo "2363"]
[PlyCount "128"]
[EventDate "2000.02.20"]

1. e4 c5 2. Nf3 e6 3. c3 Nf6 4. e5 Nd5 5. d4 cxd4 6. Qxd4 Nc6 7. Qe4 Qc7 8. Bd3
Ncb4 9. O-O Nxd3 10. Qxd3 Be7 11. c4 Nb4 12. Qe4 d5 13. exd6 Qxd6 14. Nc3 Qd3
15. Qf4 O-O 16. Rd1 Qc2 17. Be3 a6 18. Rd2 Qg6 19. Qc7 Nc6 20. Rad1 Bb4 21. Bb6
Bxc3 22. bxc3 e5 23. Rd6 f6 24. Kf1 Qf7 25. R1d5 Qxc7 26. Bxc7 Kf7 27. c5 Bg4
28. Nd2 Be6 29. Rd3 Rac8 30. Bb6 Ne7 31. a3 Rc6 32. Ke1 Nc8 33. Rxc6 bxc6 34.
Ne4 Bd5 35. Nd2 Be6 36. f3 Nxb6 37. cxb6 Rb8 38. Ne4 Rxb6 39. Rd8 Rb2 40. Kf1
Bc4+ 41. Kg1 Bd5 42. Rd7+ Kf8 43. Nd6 Ra2 44. c4 Be6 45. Rc7 Rxa3 46. Rxc6 Ke7
47. c5 Kd7 48. Rb6 Bd5 49. Nf5 Bc6 50. Nxg7 a5 51. Ra6 a4 52. Ra7+ Kc8 53. Nf5
Kb8 54. Ra6 Kb7 55. Rb6+ Kc7 56. Ra6 Ra1+ 57. Kf2 a3 58. Ra7+ Kb8 59. Ra6 Kb7
60. Ra5 a2 61. Ne7 Bd7 62. Kg3 Be6 63. c6+ Kb6 64. Ra8 Rb1 0-1